| 000 | 00879cab a2200265 4500 | ||
|---|---|---|---|
| 001 | WB3207-22 | ||
| 008 | 090401t1996 xxu||||| |||| 00| 0 eng d | ||
| 035 | _a(Sirsi) u27927 | ||
| 041 | _aeng | ||
| 245 | _aPrivate sector to build and manage school | ||
| 260 | _c1996 | ||
| 350 | _a0 | ||
| 490 |
_aFinancial Times _v12 February 1996, 8(1) |
||
| 520 | _aPFI is to fund a DBFO replacement for Pimlico school, Westminster, estimated to cost £18.5m. The successful private contractor would rebuild the school and manage the building for 25 years. | ||
| 650 | _aDBFO PROJECTS | ||
| 650 | _aDESIGN BUILD FINANCE OPERATE | ||
| 650 | _aEDUCATIONAL BUILDINGS | ||
| 650 | _aPIMLICO SCHOOL | ||
| 650 | _aPRIVATE FINANCE INITIATIVE | ||
| 650 | _aSCHOOL BUILDINGS | ||
| 690 | _aBUILT ENVIRONMENT | ||
| 690 | _aFINANCE AND INVESTMENT | ||
| 942 | _n0 | ||
| 948 | _c04/03/1997 | ||
| 999 |
_c18825 _d18825 |
||